000 00466nam a22001697a 4500
999 _c62592
_d62592
005 20241213113039.0
008 241213s2014 tu ||||| |||| 00| 0 tur d
020 _a9786058701021x
041 _atur
080 _a811.512.16 D-49
100 _aDeveli, H.
_923970
245 _aTurkce Ogretim Seti /
_b
_cHayati Develi.
264 _aAnkara,
_c2014.
300 _a102 p.:
_bill.;
_c30 cm.
653 _aთურქული ენა
942 _2udc
_cᲬᲘᲒᲜᲘ